Bob’s Burgers Characters-Hard Mode - Statistics

General Stats
  • This quiz has been taken 684 times
    470 since last reset
  • The average score is 34 of 157
Answer Stats
Answer % Correct
Bob Belcher
100%
Gene Belcher
99%
Linda Belcher
99%
Louise Belcher
98%
Tina Belcher
98%
Gayle Genarro
91%
Al Genarro
89%
Jimmy Pesto jr.
84%
Teddy
82%
Jimmy Pesto
81%
Mort
81%
Phillip Frond
78%
Tammy Larsen
78%
Zeke
75%
Regular Sized Rudy
74%
Pocket Sized Rudy
72%
Andy Pesto
70%
Ollie Pesto
68%
Jocelyn
60%
Gloria Genarro
59%
Miss LaBonz
53%
Marshmallow
52%
Millie Frock
52%
Edith Cranwinkle
51%
Calvin Fischoeder
49%
Darryl
48%
Felix Fischoeder
48%
Harold Cranwinkle
42%
Mickey
41%
Gretchen
39%
Hugo Habercore
38%
Trev
38%
Henry
37%
Ron
37%
Logan Barry Bush
35%
Ginger
34%
Big Bob Belcher
32%
Mike Wobbles
30%
Pete
30%
Mudflap
29%
Critter
27%
Grover Fischoeder
27%
Mr. Branca
27%
Jessica
25%
Principal Spoors
25%
Jen
24%
Mr. Ambrose
24%
Boo Boo
23%
Chloe
22%
Cynthia Bush
22%
Dr. Yap
22%
Randy Watkins
22%
Sergeant Bosco
22%
Susmita
22%
Miss Schnur
20%
Courtney Wheeler
19%
Lillian Bosco
19%
Harley
18%
Abby Haddington
17%
Coach Blevins
17%
Miss Selbo
17%
Allen
16%
Josh
16%
Mrs. Jacobson
15%
Sasha Whiteman
15%
Jairo
14%
Nat Kinkle
14%
Speedo Guy
14%
Gus
12%
Reggie
12%
Duncan
11%
Griffin
11%
Kathleen
11%
Large Tommy
11%
Matt
11%
Miss Merkin
11%
Miss Twitchell
11%
Peter Pescadero
11%
Judy
10%
Pam
10%
Sheila Merkin
10%
Henry Haber
9%
Megan
9%
Alex Papasian
8%
Choo Choo
8%
Jodi
8%
Lenny DeStefano
8%
Wayne
8%
Doug Wheeler
7%
Mr. Dowling
7%
Mr. Grant
7%
Officer Julia
7%
Tim
7%
Jonas
6%
Mr. Desanto
6%
Mr. Huggins
6%
Antonio
5%
Bryce
5%
Chuck Charles
5%
Dot
5%
Dr. Tom Bush
5%
Ice Pick
5%
Janine
5%
Katie
5%
Kaylee
5%
Arnold Evans
4%
Charlotte
4%
Dahlia
4%
Dalton Crespin
4%
Dottie Minerva
4%
Jackie the Crossing Guard
4%
Jeremy
4%
Meryl Winters
4%
Rat Daddy
4%
Rena
4%
The Nose
4%
Amy
3%
Charles
3%
Dillon
3%
Gerald
3%
Ginny
3%
Jack Conway
3%
Karen
3%
Kurt Enerny
3%
Matthew Danko
3%
Officer Cliffany
3%
Patricia
3%
Scab
3%
Skip Marooch
3%
Sunpuddle
3%
Yuli
3%
Bronconius
2%
Colleen Caviello
2%
Esther Margaret
2%
Helen Goodwin
2%
Helen Kellerman
2%
Horseplay
2%
Mars Sazerac
2%
Molly
2%
Pony Danza
2%
Shelly
2%
The Sofa Queen
2%
Vivian
2%
Bernadette Baker
1%
Demitri
1%
Derek Dematopolis
1%
Dove Shannon
1%
Flips Whitefudge
1%
Joel
1%
Marbles
1%
Sheldon
1%
Sylvester Stieblitz
1%
Tabitha Johansson
1%
The Prince of Persuasia
1%
Theresa Shaw
1%
The Sofa Jester
1%
Roger Flanely
0%
No matching quizzes found
Score Distribution
Percent of People with Each Score
Percentile by Number Answered
Your Score History
You have not taken this quiz since the last reset